书目信息 |
| 题名: |
物业营销
|
|
| 作者: | 李伟 编著 | |
| 分册: | ||
| 出版信息: | 上海 上海财经大学出版社 2001.10 |
|
| 页数: | 321页 | |
| 开本: | 20cm | |
| 丛书名: | ||
| 单 册: | ||
| 中图分类: | F293.33-43 | |
| 科图分类: | ||
| 主题词: | 城市经济 , 市政经济 | |
| 电子资源: | ||
| ISBN: | 7-81049-613-1 | |
| 000 | 00556nam0 2200205 45 | |
| 001 | 0260232103 | |
| 005 | 20160503111932.73 | |
| 010 | @a7-81049-613-1@dRMB 19.00 | |
| 100 | @a20021118d2001 km y0chiy0120 ea | |
| 101 | 0 | @achi |
| 102 | @aCN@b310000 | |
| 200 | 1 | @a物业营销@Awu ye ying xiao@f李伟编著@Fli wei bian zhu |
| 210 | @a上海@c上海财经大学出版社@d2001.10 | |
| 215 | @a321页@d20cm | |
| 606 | 0 | @a城市经济 |
| 606 | 0 | @a市政经济 |
| 690 | @aF293.33-43@v3 | |
| 701 | 0 | @a李伟@Ali wei@4编著 |
| 801 | 0 | @aCN@bPFT@c20021118 |
| 905 | @a10447@dF293.33-43@eL283 | |
| 物业营销/李伟编著.-上海:上海财经大学出版社,2001.10 |
| 321页;20cm |
| ISBN 7-81049-613-1:RMB 19.00 |
| ● |
| 相关链接 |
|
|
|
正题名:物业营销
索取号:F293.33-43/L283
 
预约/预借
| 序号 | 登录号 | 条形码 | 馆藏地/架位号 | 状态 | 备注 |
| 1 | 1237810 | 212378103 | 管理学院资料室/ [索取号:F293.33-43/L283] | 在馆 | |
| 2 | 360535 | 203605358 | 社科二线422/409社科库 109排2列6层/ [索取号:F293.33-43/L283] | 在馆 | |
| 3 | 360536 | 203605367 | 社科库409/409社科库 109排2列6层/ [索取号:F293.33-43/L283] | 在馆 | |
| 4 | 360537 | 203605376 | 社科库409/409社科库 109排2列6层/ [索取号:F293.33-43/L283] | 在馆 |